000 00345nam a2200145Ia 4500
008 150201s2014 xx 000 0 und d
082 _a614.1
_bS14J
100 _aJAMES, JASON PAYNE
245 _aSIMPSON,S FORENSIC MEDIXINE
250 _a1ST
260 _bCRC PRESS
_c2014
300 _a1-253
650 _aFORENSIC MEDICINE
942 _2ddc
_cBK
999 _c1632
_d1632